000 00250nam a2200097Ia 4500
001 790098
005 20250826170545.0
008 250824s9999 xx 000 0 und d
245 0 _aTABİAT DİLE GELDİ
_cNİLÜFER AKTAŞ
260 _bKAYALIPARK YAYINLARI
999 _c790098
_d790098